Những làng cổ tiêu biểu ở Thanh Hóa
Nội dung sách giới thiệu phác hoạ Làng cổ Thanh Hóa. Làng quê Bà Triệu - Miền núi Nưa. Giáp Dương Xá (Làng quê Dương Đình Nghệ). Sách Khả Lập. Hương Đại Lại, 6. Hương Lam Sơn (làng quê Lê Lợi). Gia Miêu ngoại trang (làng quê nhà Nguyễn)....
Na minha lista:
| Autor principal: | |
|---|---|
| Formato: | Livro |
| Idioma: | Undetermined |
| Publicado em: |
Hà Nội
Dân Trí
2010
|
| Assuntos: | |
| Tags: |
Adicionar Tag
Sem tags, seja o primeiro a adicionar uma tag!
|
| Thư viện lưu trữ: | Trung tâm Học liệu Trường Đại học Cần Thơ |
|---|
| LEADER | 00951nam a2200193Ia 4500 | ||
|---|---|---|---|
| 001 | CTU_164069 | ||
| 008 | 210402s9999 xx 000 0 und d | ||
| 082 | |a 915.9742 | ||
| 082 | |b Ph450 | ||
| 100 | |a Hoàng, Tuấn Phổ | ||
| 245 | 0 | |a Những làng cổ tiêu biểu ở Thanh Hóa | |
| 245 | 0 | |c Hoàng Tuấn Phổ | |
| 260 | |a Hà Nội | ||
| 260 | |b Dân Trí | ||
| 260 | |c 2010 | ||
| 520 | |a Nội dung sách giới thiệu phác hoạ Làng cổ Thanh Hóa. Làng quê Bà Triệu - Miền núi Nưa. Giáp Dương Xá (Làng quê Dương Đình Nghệ). Sách Khả Lập. Hương Đại Lại, 6. Hương Lam Sơn (làng quê Lê Lợi). Gia Miêu ngoại trang (làng quê nhà Nguyễn). | ||
| 650 | |a Traditional Village of Vietnma,Làng truyền thống Việt Nam | ||
| 904 | |i HPTVi,Qhieu | ||
| 980 | |a Trung tâm Học liệu Trường Đại học Cần Thơ | ||